[Event "2. Bundesliga West 2013/14"]
[Site "Salzburg"]
[Date "2013.10.18"]
[Round "1"]
[Board "1"]
[White "Berchtenbreiter, Maximilian"]
[Black "Lanka, Zigurds"]
[Result "1/2-1/2"]
[WhiteElo "2427"]
[BlackElo "2432"]
[PlyCount "101"]
[EventDate "2013.10.18"]
[EventType "team"]
[EventRounds "11"]
[EventCountry "AUT"]
[WhiteTeam "Kufstein / Woergl"]
[BlackTeam "Zillertal"]

1. e4 c5 2. Nf3 Nc6 3. d4 cxd4 4. Nxd4 Nf6 5. Nc3 d6 6. Bc4 e6 7. Be3 Be7 8.
Qe2 a6 9. O-O-O Qc7 10. Bb3 O-O 11. g4 Nxd4 12. Rxd4 Nd7 13. g5 Nc5 14. Qh5 g6
15. Qh6 f5 16. f4 b5 17. Re1 Bd7 18. Kb1 Nxb3 19. axb3 a5 20. exf5 Rxf5 21. Ne4
a4 22. bxa4 bxa4 23. Nf6+ Rxf6 24. gxf6 Bxf6 25. f5 exf5 26. Bg5 Bg7 27. Qh4
Rc8 28. c3 Be5 29. Bf6 Rf8 30. Bxe5 dxe5 31. Rd5 e4 32. Red1 Be8 33. Rd6 a3 34.
Qd8 Qxd8 35. Rxd8 f4 36. c4 e3 37. Ka2 axb2 38. Re1 Bf7 39. Rxf8+ Kxf8 40. Kxb2
Bxc4 41. Kc3 Be6 42. h4 Bh3 43. Kd3 Bf5+ 44. Kd4 Bg4 45. Ke4 e2 46. Kxf4 Bh5
47. Rb1 Ke7 48. Ke4 Kd7 49. Rc1 Bg4 50. Kf4 Bh5 51. Ke4 1/2-1/2

[Event "2. Bundesliga West 2013/14"]
[Site "Salzburg"]
[Date "2013.10.18"]
[Round "1"]
[Board "3"]
[White "Bertagnolli, Alexander"]
[Black "Platzgummer, Fabian"]
[Result "1/2-1/2"]
[WhiteElo "2333"]
[BlackElo "2314"]
[PlyCount "108"]
[EventDate "2013.10.18"]
[EventType "team"]
[EventRounds "11"]
[EventCountry "AUT"]
[WhiteTeam "Kufstein / Woergl"]
[BlackTeam "Zillertal"]

1. d4 d5 2. Bg5 c6 3. e3 Bf5 4. g4 Bg6 5. Ne2 Qb6 6. Nbc3 f6 7. Bf4 Nd7 8. e4
dxe4 9. Ng3 Qxb2 10. Ngxe4 Bxe4 11. Nxe4 e5 12. Rb1 Qa3 13. dxe5 O-O-O 14. Bd3
Nxe5 15. Bxe5 fxe5 16. O-O Be7 17. g5 Kc7 18. f4 Bc5+ 19. Kh1 Ne7 20. Qe1 Bb6
21. fxe5 Qxa2 22. Rb3 Rhf8 23. e6 Kb8 24. Rf7 Rfe8 25. Rxg7 Nf5 26. Rf7 Nd4 27.
e7 Nxb3 28. exd8=R+ Rxd8 29. Nc3 Qb2 30. Bxh7 Ba5 31. Qe5+ Ka8 32. Qe7 Qc1+ 33.
Kg2 Qd2+ 34. Ne2 Nc5 35. Bd3 Qb4 36. Rf8 Qg4+ 37. Ng3 Ne6 38. Rf7 Nf4+ 39. Rxf4
Qxf4 40. g6 Qd2+ 41. Qe2 Qf4 42. Qe4 Qd2+ 43. Qe2 Qf4 44. Qf3 Qd2+ 45. Qf2 Qg5
46. Qf5 Qd2+ 47. Ne2 Bc7 48. g7 Qh6 49. Qf7 Qxh2+ 50. Kf1 Qh3+ 51. Ke1 Qh1+ 52.
Kf2 Qh2+ 53. Kf1 Qh3+ 54. Ke1 Qh1+ 1/2-1/2

[Event "2. Bundesliga West 2013/14"]
[Site "Salzburg"]
[Date "2013.10.18"]
[Round "1"]
[Board "6"]
[White "Schiestl, Josef"]
[Black "Neuschmied, Siegfried"]
[Result "1-0"]
[WhiteElo "2102"]
[BlackElo "2221"]
[PlyCount "83"]
[EventDate "2013.10.18"]
[EventType "team"]
[EventRounds "11"]
[EventCountry "AUT"]
[WhiteTeam "Zillertal"]
[BlackTeam "Kufstein / Woergl"]

1. e4 d6 2. d4 Nf6 3. Nc3 g6 4. f4 Bg7 5. Nf3 O-O 6. Be3 Nc6 7. Be2 e6 8. h3
Ne7 9. Nd2 b6 10. O-O Bb7 11. Bf3 a6 12. Qe2 d5 13. e5 Nd7 14. Nd1 c5 15. c3
Nc6 16. Nb3 a5 17. Qf2 a4 18. Nc1 cxd4 19. cxd4 b5 20. Nc3 Ba6 21. Rd1 Qa5 22.
a3 Qc7 23. Nd3 Na5 24. Nb4 Nc4 25. Rac1 Qa7 26. Rd3 Rac8 27. Kh2 Rc7 28. g4
Nxe3 29. Qxe3 Nb6 30. f5 Nc4 31. Qe2 Rfc8 32. fxe6 fxe6 33. h4 Rf8 34. Rf1 Rf4
35. Bxd5 Rxd4 36. Bxe6+ Kh8 37. Nxa6 Bxe5+ 38. Kh3 Re7 39. Rf8+ Kg7 40. Rg8+
Kf6 41. Bxc4 Bf4 42. g5+ 1-0

[Event "2. Bundesliga West 2013/14"]
[Site "Salzburg"]
[Date "2013.10.18"]
[Round "1"]
[Board "1"]
[White "Bayer, Bernhard"]
[Black "Burschowsky, Matthias"]
[Result "1-0"]
[WhiteElo "2444"]
[BlackElo "2186"]
[PlyCount "158"]
[EventDate "2013.10.18"]
[EventType "team"]
[EventRounds "11"]
[EventCountry "AUT"]
[WhiteTeam "Schwaz"]
[BlackTeam "Pradl"]

1. Nf3 Nf6 2. g3 d5 3. Bg2 c6 4. d3 Bf5 5. O-O h6 6. b4 e6 7. a3 a5 8. bxa5
Qxa5 9. Bb2 Nbd7 10. Nbd2 Be7 11. e4 dxe4 12. dxe4 Bg6 13. Re1 O-O 14. Nc4 Qa7
15. Nfe5 Nxe5 16. Nxe5 Bh7 17. Qe2 Bc5 18. Red1 Rfd8 19. Rd3 Rxd3 20. cxd3 Bd4
21. Rb1 Qc5 22. Bxd4 Qxd4 23. Qb2 Qxb2 24. Rxb2 Rxa3 25. Rxb7 Ra1+ 26. Bf1 Bg6
27. f3 Ra5 28. Nxc6 Rc5 29. Ne7+ Kh7 30. Kf2 Rc2+ 31. Be2 Bh5 32. h3 g5 33. Ke3
Ng8 34. Nxg8 Kxg8 35. d4 Rc3+ 36. Kf2 Rc2 37. Rb1 Kf8 38. Rh1 Bg6 39. g4 Ra2
40. h4 f6 41. h5 Be8 42. Rb1 Bd7 43. Rb7 Ke8 44. Ke3 Ra3+ 45. Bd3 Bc6 46. Rb2
Ke7 47. Ke2 Ra4 48. Rc2 Bd7 49. Bc4 Ra3 50. Rb2 Rc3 51. Bb5 Bc8 52. Ra2 Rb3 53.
Ra7+ Kd6 54. Bd3 Rb2+ 55. Ke3 Rb3 56. Kd2 Rb2+ 57. Kc3 Rf2 58. Rf7 Rxf3 59. e5+
Kd5 60. Rxf6 Rg3 61. Rf8 Bd7 62. Rb8 Kc6 63. Rh8 Kd5 64. Rd8 Kc6 65. Kc4 Rxg4
66. Rh8 Kb6 67. Kc3 Rg3 68. Kd2 Bc6 69. Rxh6 Rg2+ 70. Kc3 Bd5 71. Bf5 Kb5 72.
Bxe6 Rg3+ 73. Kd2 Be4 74. Bd7+ Kc4 75. Rd6 Bd5 76. e6 Kxd4 77. e7 Rg2+ 78. Ke1
Ke3 79. e8=Q+ Be4 1-0

[Event "2. Bundesliga West 2013/14"]
[Site "Salzburg"]
[Date "2013.10.18"]
[Round "1"]
[Board "2"]
[White "Sucher, Johannes"]
[Black "Fuchs, Georg"]
[Result "0-1"]
[WhiteElo "2198"]
[BlackElo "2230"]
[PlyCount "40"]
[EventDate "2013.10.18"]
[EventType "team"]
[EventRounds "11"]
[EventCountry "AUT"]
[WhiteTeam "Pradl"]
[BlackTeam "Schwaz"]

1. Nf3 g6 2. g3 Bg7 3. Bg2 e5 4. d4 e4 5. Ng5 d5 6. h4 Ne7 7. c4 h6 8. Nh3 dxc4
9. e3 c5 10. Qa4+ Nbc6 11. dxc5 O-O 12. Nc3 Ne5 13. Bxe4 Bxh3 14. Rxh3 Qc8 15.
Rh1 Qxc5 16. Qb5 Nd3+ 17. Ke2 Bxc3 18. Qxc5 Nxc5 19. Bxg6 fxg6 20. bxc3 Ne4 0-1

[Event "2. Bundesliga West 2013/14"]
[Site "Salzburg"]
[Date "2013.10.18"]
[Round "1"]
[Board "3"]
[White "Blaas, Hansjoerg"]
[Black "Meier, Alexander"]
[Result "1/2-1/2"]
[WhiteElo "2261"]
[BlackElo "2165"]
[PlyCount "65"]
[EventDate "2013.10.18"]
[EventType "team"]
[EventRounds "11"]
[EventCountry "AUT"]
[WhiteTeam "Schwaz"]
[BlackTeam "Pradl"]

1. e4 e5 2. Bc4 Nc6 3. Nf3 Bc5 4. Nc3 Nf6 5. d3 d6 6. h3 Be6 7. Bxe6 fxe6 8.
Be3 Bb6 9. Bxb6 axb6 10. d4 Qe7 11. d5 Nd8 12. Qd3 O-O 13. O-O-O exd5 14. Nxd5
Nxd5 15. Qxd5+ Kh8 16. Rd2 Ra5 17. Qb3 Ne6 18. a3 Rfa8 19. Re1 b5 20. c3 Nc5
21. Qd5 R5a7 22. g3 Rf8 23. Nh4 Raa8 24. Nf5 Qf6 25. Ne3 Rad8 26. Ng4 Qe7 27.
Rde2 c6 28. Qd1 Qf7 29. Kb1 h6 30. Rd2 Qe6 31. h4 Nb3 32. Rd3 Na5 33. f3
 1/2-1/2

[Event "2. Bundesliga West 2013/14"]
[Site "Salzburg"]
[Date "2013.10.18"]
[Round "1"]
[Board "4"]
[White "Matt, Stefan"]
[Black "Gruber, Michael"]
[Result "1/2-1/2"]
[WhiteElo "2073"]
[BlackElo "2205"]
[PlyCount "58"]
[EventDate "2013.10.18"]
[EventType "team"]
[EventRounds "11"]
[EventCountry "AUT"]
[WhiteTeam "Pradl"]
[BlackTeam "Schwaz"]

1. e4 e5 2. Nc3 Nf6 3. f4 d5 4. fxe5 Nxe4 5. Nf3 Bb4 6. Qe2 Bxc3 7. dxc3 O-O 8.
Be3 c6 9. O-O-O Bg4 10. Qe1 Nd7 11. h3 Be6 12. Bd3 f5 13. exf6 Ndxf6 14. Ng5
Qe7 15. Qh4 Bf5 16. Rhe1 h6 17. Nxe4 Bxe4 18. Bd4 Rae8 19. Re3 c5 20. Bxe4 dxe4
21. Bxf6 Rxf6 22. Rde1 Re6 23. Qg4 Re5 24. Qe2 Qe6 25. Kb1 a6 26. c4 Rd8 27. c3
Re8 28. Rd1 Rg5 29. Re1 Re5 1/2-1/2

[Event "2. Bundesliga West 2013/14"]
[Site "Salzburg"]
[Date "2013.10.18"]
[Round "1"]
[Board "5"]
[White "Kondrak, Christof"]
[Black "Lins, Philipp"]
[Result "1-0"]
[WhiteElo "2165"]
[BlackElo "2067"]
[PlyCount "81"]
[EventDate "2013.10.18"]
[EventType "team"]
[EventRounds "11"]
[EventCountry "AUT"]
[WhiteTeam "Schwaz"]
[BlackTeam "Pradl"]

1. d4 d6 2. Nf3 g6 3. Bf4 Bg7 4. e3 Nd7 5. h3 e5 6. Bh2 Ne7 7. c4 exd4 8. exd4
Nf5 9. Nc3 O-O 10. Be2 Re8 11. O-O a6 12. Rc1 Nb8 13. d5 Nd7 14. b4 a5 15. a3
axb4 16. axb4 Ne5 17. Nxe5 dxe5 18. c5 Nd4 19. Bc4 Kh8 20. Re1 f5 21. Ne2 Nxe2+
22. Qxe2 Qf6 23. Rcd1 Bd7 24. b5 f4 25. d6 c6 26. Qf3 Qh4 27. bxc6 bxc6 28. Bf1
h5 29. Rb1 Ra2 30. Rb7 Bg4 31. hxg4 hxg4 32. Qe4 Qxf2+ 33. Kh1 f3 34. Reb1 Re2
35. Qxg4 Rf8 36. Bg1 fxg2+ 37. Bxg2 Re1 38. Rxe1 Qxe1 39. Qh3+ Kg8 40. Bxc6 Qd1
41. Qb3+ 1-0

[Event "2. Bundesliga West 2013/14"]
[Site "Salzburg"]
[Date "2013.10.18"]
[Round "1"]
[Board "1"]
[White "Graf, Felix"]
[Black "Breder, Dennis"]
[Result "1/2-1/2"]
[WhiteElo "2482"]
[BlackElo "2461"]
[PlyCount "136"]
[EventDate "2013.10.18"]
[EventType "team"]
[EventRounds "11"]
[EventCountry "AUT"]
[WhiteTeam "Bregenz"]
[BlackTeam "Hohenems II"]

1. d4 d5 2. c4 e6 3. Nc3 c6 4. e3 Nf6 5. f4 Bb4 6. Nf3 O-O 7. Bd3 c5 8. O-O Nc6
9. a3 cxd4 10. axb4 dxc3 11. bxc3 dxc4 12. Bxc4 Qc7 13. Qe2 e5 14. b5 Na5 15.
fxe5 Qxc4 16. Qxc4 Nxc4 17. exf6 gxf6 18. Nd4 Kg7 19. Ra2 Rd8 20. Raf2 Rd6 21.
e4 a5 22. Bf4 Rd8 23. Bg3 Ne3 24. Ra1 Ng4 25. Rfa2 Re8 26. Rxa5 Rxa5 27. Rxa5
Rxe4 28. Ra8 Be6 29. h3 Ne3 30. Nxe6+ Rxe6 31. Rb8 Re7 32. Bd6 Rd7 33. Bf8+ Kg6
34. Bc5 Nc4 35. Bd4 Nd6 36. b6 Nb5 37. Rc8 Nxd4 38. cxd4 Rd6 39. Rg8+ Kf5 40.
Rh8 Rxd4 41. Rxh7 Kg6 42. Rh8 Rb4 43. Rg8+ Kh7 44. Rb8 Rxb6 45. Kf2 Rb3 46. g3
f5 47. Kg2 Kg7 48. Rc8 b5 49. Rb8 b4 50. Rb5 Kg6 51. Rb6+ f6 52. Rb5 Rb1 53.
Kf2 b3 54. Kg2 Rb2+ 55. Kf3 Rb1 56. Kf2 Rb2+ 57. Kf3 Rh2 58. Rxb3 Rxh3 59. Rb4
Rh8 60. g4 Rh3+ 61. Kg2 Rc3 62. gxf5+ Kxf5 63. Kf2 Kg5 64. Ra4 Rd3 65. Rb4 Kf5
66. Ra4 Ke5 67. Rb4 Rd4 68. Rxd4 Kxd4 1/2-1/2

[Event "2. Bundesliga West 2013/14"]
[Site "Salzburg"]
[Date "2013.10.18"]
[Round "1"]
[Board "2"]
[White "Novkovic, Milan"]
[Black "Weindl, Alfred"]
[Result "1/2-1/2"]
[WhiteElo "2381"]
[BlackElo "2344"]
[PlyCount "59"]
[EventDate "2013.10.18"]
[EventType "team"]
[EventRounds "11"]
[EventCountry "AUT"]
[WhiteTeam "Hohenems II"]
[BlackTeam "Bregenz"]

1. d4 Nf6 2. Nf3 g6 3. Nbd2 Bg7 4. e4 d6 5. c3 O-O 6. Be2 Nbd7 7. O-O e5 8.
dxe5 dxe5 9. Qc2 Kh8 10. Re1 Ng4 11. Nc4 f6 12. a4 Nh6 13. a5 a6 14. b3 Re8 15.
Bf1 Bf8 16. b4 Nb8 17. Ba3 Qd7 18. Nfd2 Qf7 19. Ne3 Be6 20. Bc4 Nc6 21. Bxe6
Qxe6 22. Nd5 Rac8 23. Qb3 Nf7 24. Ne3 Nfd8 25. Qxe6 Nxe6 26. Ndc4 Red8 27. Rad1
Kg7 28. f3 Kf7 29. g3 Na7 30. Bb2 1/2-1/2

[Event "2. Bundesliga West 2013/14"]
[Site "Salzburg"]
[Date "2013.10.18"]
[Round "1"]
[Board "3"]
[White "Dobosz, Henryk"]
[Black "Gaertner, Guntram"]
[Result "1/2-1/2"]
[WhiteElo "2371"]
[BlackElo "2280"]
[PlyCount "61"]
[EventDate "2013.10.18"]
[EventType "team"]
[EventRounds "11"]
[EventCountry "AUT"]
[WhiteTeam "Bregenz"]
[BlackTeam "Hohenems II"]

1. d4 d5 2. c4 c6 3. Nc3 Nf6 4. e3 a6 5. Nf3 b5 6. b3 Bg4 7. Bb2 e6 8. cxd5
cxd5 9. Bd3 Nbd7 10. a4 b4 11. Ne2 a5 12. Bb5 Bxf3 13. gxf3 Be7 14. Rc1 O-O 15.
O-O Rc8 16. Qd3 Nb8 17. Rxc8 Qxc8 18. Rc1 Qb7 19. Qc2 Ne8 20. Bd3 g6 21. Qc8
Qxc8 22. Rxc8 Nd6 23. Rc5 Bd8 24. Nf4 Bb6 25. Rc2 Rc8 26. Rxc8+ Nxc8 27. Kg2
Kf8 28. Be2 Nd6 29. Nd3 Nd7 30. Nf4 Ke7 31. Bd3 1/2-1/2

[Event "2. Bundesliga West 2013/14"]
[Site "Salzburg"]
[Date "2013.10.18"]
[Round "1"]
[Board "5"]
[White "Matt, Fabian"]
[Black "Sandholzer, Robert"]
[Result "1/2-1/2"]
[WhiteElo "2191"]
[BlackElo "2192"]
[PlyCount "112"]
[EventDate "2013.10.18"]
[EventType "team"]
[EventRounds "11"]
[EventCountry "AUT"]
[WhiteTeam "Bregenz"]
[BlackTeam "Hohenems II"]

1. e4 e6 2. d4 d5 3. Nc3 Nf6 4. Bg5 dxe4 5. Nxe4 Be7 6. Nxf6+ Bxf6 7. Bxf6 Qxf6
8. Nf3 O-O 9. c3 Nd7 10. Bd3 e5 11. Qc2 h6 12. O-O-O exd4 13. Nxd4 Nc5 14. Bf5
Bxf5 15. Nxf5 Rad8 16. Ne3 c6 17. h3 Rxd1+ 18. Rxd1 Rd8 19. Rxd8+ Qxd8 20. Qd2
Qxd2+ 21. Kxd2 g6 22. Nc4 Kf8 23. f3 Ne6 24. Ke3 Ke7 25. f4 Nd8 26. g3 Ke6 27.
Kd4 b6 28. b4 Nb7 29. Ne5 c5+ 30. Kd3 cxb4 31. cxb4 g5 32. Ke3 f6 33. Nc6 a6
34. Nd4+ Kd5 35. Nf5 Kc4 36. Nxh6 Kxb4 37. Ng8 Ka3 38. Nxf6 gxf4+ 39. Kxf4 Kxa2
40. Nd5 b5 41. Nb4+ Ka3 42. Nxa6 b4 43. Nxb4 Kxb4 44. g4 Kc5 45. Ke5 Kc6 46.
Ke6 Nc5+ 47. Kf7 Kd5 48. g5 Ke5 49. g6 Ne6 50. h4 Kf5 51. h5 Nd8+ 52. Ke8 Ne6
53. Kf7 Nd8+ 54. Kg8 Kg5 55. Kh7 Ne6 56. h6 Nf8+ 1/2-1/2

[Event "2. Bundesliga West 2013/14"]
[Site "Salzburg"]
[Date "2013.10.18"]
[Round "1"]
[Board "6"]
[White "Hofer, Emilian"]
[Black "Kranz, Armin"]
[Result "0-1"]
[WhiteElo "2046"]
[BlackElo "2125"]
[PlyCount "144"]
[EventDate "2013.10.18"]
[EventType "team"]
[EventRounds "11"]
[EventCountry "AUT"]
[WhiteTeam "Hohenems II"]
[BlackTeam "Bregenz"]

1. e4 e5 2. Nf3 Nc6 3. Bb5 a6 4. Ba4 Nf6 5. O-O Be7 6. Re1 b5 7. Bb3 O-O 8. a4
Bb7 9. d3 d6 10. Nc3 Na5 11. Ba2 b4 12. Ne2 c5 13. Ng3 Bc8 14. h3 Rb8 15. Nd2
g6 16. Nc4 Be6 17. Bd2 Nc6 18. c3 Qc7 19. Ne3 b3 20. Bb1 d5 21. exd5 Nxd5 22.
Nxd5 Bxd5 23. Ne4 f5 24. Ng5 c4 25. h4 Bf6 26. Qe2 Na5 27. Bc1 Rbd8 28. Rd1
Rfe8 29. f3 Re7 30. Be3 Red7 31. Qf2 Rb8 32. Qf1 h6 33. Nh3 Bg7 34. d4 exd4 35.
Bxd4 Bxd4+ 36. Rxd4 Nc6 37. Rd1 h5 38. Rxd5 Rxd5 39. Qxc4 Qb6+ 40. Kh1 Qc5 41.
Bd3 Ne5 42. Qxc5 Rxc5 43. Bxa6 Ra5 44. Be2 Kg7 45. Nf4 Kf6 46. Ra3 Nd7 47. Nd3
Re8 48. Bf1 Rb8 49. Kg1 g5 50. hxg5+ Kxg5 51. Be2 f4 52. Kf2 h4 53. Nb4 Rba8
54. Rxb3 Nc5 55. Ra3 Rxa4 56. Rxa4 Nxa4 57. Nd3 Rb8 58. Ke1 Nxb2 59. Nxb2 Rxb2
60. c4 Kf6 61. Kf1 Ke5 62. Bd3 Kd4 63. Be4 Kxc4 64. Kg1 Kd4 65. Kh2 Ke3 66. Kh3
Rd2 67. Bb7 Rd7 68. Be4 Rg7 69. Bf5 Rg3+ 70. Kh2 Kf2 71. Bh3 Kf1 72. Kh1 Rxh3+
 0-1

[Event "2. Bundesliga West 2013/14"]
[Site "Salzburg"]
[Date "2013.10.18"]
[Round "1"]
[Board "1"]
[White "Milanovic, Danilo"]
[Black "Wegener, Olaf"]
[Result "1-0"]
[WhiteElo "2506"]
[BlackElo "2437"]
[PlyCount "51"]
[EventDate "2013.10.18"]
[EventType "team"]
[EventRounds "11"]
[EventCountry "AUT"]
[WhiteTeam "Dornbirn"]
[BlackTeam "Rochade Rum"]

1. d4 Nf6 2. c4 e6 3. Nc3 Bb4 4. e3 c5 5. Bd3 O-O 6. Nge2 d5 7. cxd5 cxd4 8.
exd4 Nxd5 9. Qc2 h6 10. O-O Nc6 11. Be4 Nf6 12. Bxc6 bxc6 13. Rd1 Ba6 14. Bf4
Qa5 15. Be5 Be7 16. Ng3 Rad8 17. a3 c5 18. d5 c4 19. d6 Qxe5 20. dxe7 Rxd1+ 21.
Rxd1 Rb8 22. Rd8+ Ne8 23. Qa4 Kh7 24. Qxe8 Rxb2 25. Qg8+ Kg6 26. Qxf7+ 1-0

[Event "2. Bundesliga West 2013/14"]
[Site "Salzburg"]
[Date "2013.10.18"]
[Round "1"]
[Board "2"]
[White "Zimmermann, Ulrich"]
[Black "Sergeev, Vladimir"]
[Result "0-1"]
[WhiteElo "2272"]
[BlackElo "2421"]
[PlyCount "78"]
[EventDate "2013.10.18"]
[EventType "team"]
[EventRounds "11"]
[EventCountry "AUT"]
[WhiteTeam "Rochade Rum"]
[BlackTeam "Dornbirn"]

1. d4 Nf6 2. c4 d6 3. Nc3 g6 4. e4 Bg7 5. Bd3 O-O 6. Nge2 a6 7. O-O c5 8. dxc5
dxc5 9. e5 Ng4 10. f4 Nc6 11. h3 Nh6 12. Be3 b6 13. Be4 Bd7 14. Qd2 Nf5 15. Bf2
Ra7 16. Rfd1 Qb8 17. Nd5 f6 18. exf6 exf6 19. Bf3 Kh8 20. Rab1 a5 21. a3 Be6
22. Qc2 Nfd4 23. Nxd4 Nxd4 24. Bxd4 cxd4 25. Rxd4 f5 26. Rdd1 Bxd5 27. cxd5
Qxf4 28. Qd2 Be5 29. Qxf4 Bxf4 30. Re1 Rc7 31. Rbd1 Rd8 32. Re2 Kg7 33. Kf1 Bd6
34. Ke1 Rdc8 35. Re6 Re7 36. Rxe7+ Bxe7 37. d6 Bh4+ 38. Kd2 Bg5+ 39. Kd3 Rc1
 0-1

[Event "2. Bundesliga West 2013/14"]
[Site "Salzburg"]
[Date "2013.10.18"]
[Round "1"]
[Board "4"]
[White "Heinzel, Olaf"]
[Black "Leutwyler, Martin"]
[Result "1/2-1/2"]
[WhiteElo "2366"]
[BlackElo "2159"]
[PlyCount "107"]
[EventDate "2013.10.18"]
[EventType "team"]
[EventRounds "11"]
[EventCountry "AUT"]
[WhiteTeam "Rochade Rum"]
[BlackTeam "Dornbirn"]

1. d4 d5 2. Bf4 Nf6 3. e3 c5 4. Nc3 cxd4 5. exd4 a6 6. Nf3 Nc6 7. Ne5 e6 8.
Nxc6 bxc6 9. Na4 Bd6 10. Be3 O-O 11. Be2 Qc7 12. h3 a5 13. O-O Ba6 14. Bxa6
Rxa6 15. Rc1 Rc8 16. c4 Qb7 17. Rc3 Ne4 18. Rb3 Qa7 19. Qd3 Rb8 20. Rxb8+ Bxb8
21. cxd5 exd5 22. f3 Nf6 23. Bg5 Bd6 24. Bxf6 gxf6 25. Re1 Qa8 26. Qf5 Qd8 27.
f4 Ra8 28. Re3 Kh8 29. Rg3 Qe7 30. Qg4 Qf8 31. Nb6 Rd8 32. Nd7 Qh6 33. Rf3 Bxf4
34. Rxf4 Rxd7 35. Rf3 Rd8 36. Qf5 Qg5 37. Qxf6+ Qxf6 38. Rxf6 Rb8 39. b3 Rb4
40. Rxc6 a4 41. Rc3 axb3 42. axb3 Rxd4 43. Rg3 f5 44. Kf2 f4 45. Rg5 h6 46. Rf5
Kg7 47. Kf3 Kg6 48. Rxf4 Rd3+ 49. Ke2 Rxb3 50. h4 Rb2+ 51. Kf3 Rb3+ 52. Ke2
Rb2+ 53. Kf3 Rb3+ 54. Ke2 1/2-1/2

[Event "2. Bundesliga West 2013/14"]
[Site "Salzburg"]
[Date "2013.10.18"]
[Round "1"]
[Board "5"]
[White "Novkovic, Julia"]
[Black "Hengl, Christian"]
[Result "0-1"]
[WhiteElo "2110"]
[BlackElo "2214"]
[PlyCount "62"]
[EventDate "2013.10.18"]
[EventType "team"]
[EventRounds "11"]
[EventCountry "AUT"]
[WhiteTeam "Dornbirn"]
[BlackTeam "Rochade Rum"]

1. e4 e6 2. d4 d5 3. Nd2 Nf6 4. e5 Nfd7 5. c3 c5 6. Bd3 Nc6 7. Ne2 cxd4 8. cxd4
f6 9. exf6 Nxf6 10. Nf3 Bd6 11. O-O Qc7 12. Bg5 O-O 13. Nc3 a6 14. Rc1 Qf7 15.
Bh4 Qh5 16. Ne2 Ne4 17. Ng3 Qh6 18. Nxe4 dxe4 19. Bxe4 Rxf3 20. Qxf3 Qxh4 21.
g3 Qe7 22. Qd3 g6 23. f4 Bd7 24. a3 Rd8 25. Kg2 Qf6 26. Rfd1 Bf8 27. Rd2 Be8
28. d5 Bf7 29. Qb3 exd5 30. Bxd5 Rxd5 31. Rxd5 Ne7 0-1

[Event "2. Bundesliga West 2013/14"]
[Site "Salzburg"]
[Date "2013.10.18"]
[Round "1"]
[Board "6"]
[White "Jedinger, Andreas"]
[Black "Kanonier, Clemens"]
[Result "0-1"]
[WhiteElo "2169"]
[BlackElo "2112"]
[PlyCount "76"]
[EventDate "2013.10.18"]
[EventType "team"]
[EventRounds "11"]
[EventCountry "AUT"]
[WhiteTeam "Rochade Rum"]
[BlackTeam "Dornbirn"]

1. e4 e5 2. Nf3 Nc6 3. Bb5 a6 4. Ba4 Nf6 5. d3 Bc5 6. c3 d6 7. h3 h6 8. Nbd2
Ba7 9. Nf1 b5 10. Bc2 d5 11. Qe2 dxe4 12. dxe4 Be6 13. Ne3 O-O 14. Bd2 Nd7 15.
g4 Ne7 16. O-O-O c5 17. b3 c4 18. Nf5 Ng6 19. Kb2 Qc7 20. b4 a5 21. a3 Bb6 22.
Ra1 Ra6 23. h4 Rfa8 24. h5 Nf4 25. Bxf4 exf4 26. N5d4 Bxg4 27. Qd2 Ne5 28. Nxe5
Qxe5 29. Rhg1 Bxh5 30. Nc6 Qf6 31. Qd7 Bxf2 32. Ne7+ Kh8 33. Nd5 Qe5 34. Rgf1
Bg3 35. Qxb5 Be2 36. Rfc1 f3 37. Bd1 Qxe4 38. Nc7 Bxc7 0-1

[Event "2. Bundesliga West 2013/14"]
[Site "Salzburg"]
[Date "2013.10.18"]
[Round "1"]
[Board "1"]
[White "Harringer, Franz"]
[Black "Krstic, Uros"]
[Result "0-1"]
[WhiteElo "2264"]
[BlackElo "2439"]
[PlyCount "55"]
[EventDate "2013.10.18"]
[EventType "team"]
[EventRounds "11"]
[EventCountry "AUT"]
[WhiteTeam "ASK Salzburg 1"]
[BlackTeam "Schwarzach"]

1. e4 Nf6 2. Nc3 e6 3. f4 d5 4. e5 Nfd7 5. Nf3 c5 6. g3 Nc6 7. Bg2 Be7 8. O-O
O-O 9. d3 a6 10. Bd2 b5 11. a3 Qc7 12. Qe2 Nd4 13. Qf2 f6 14. Nxd4 cxd4 15.
Nxd5 exd5 16. Bxd5+ Kh8 17. Bxa8 fxe5 18. Bb4 Nc5 19. Rae1 Bd6 20. Bg2 Bd7 21.
Kh1 g5 22. Qg1 gxf4 23. gxf4 Rg8 24. Qf2 Rf8 25. Qh4 exf4 26. Re7 Bxe7 27. Qxe7
Rf5 28. Bxc5 0-1

[Event "2. Bundesliga West 2013/14"]
[Site "Salzburg"]
[Date "2013.10.18"]
[Round "1"]
[Board "2"]
[White "Biti, Ozren"]
[Black "Juergens, Klaus"]
[Result "1-0"]
[WhiteElo "2376"]
[BlackElo "2140"]
[PlyCount "80"]
[EventDate "2013.10.18"]
[EventType "team"]
[EventRounds "11"]
[EventCountry "AUT"]
[WhiteTeam "Schwarzach"]
[BlackTeam "ASK Salzburg 1"]

1. Nf3 d6 2. d4 g6 3. c4 Bg7 4. Nc3 Bg4 5. e3 c5 6. Be2 cxd4 7. exd4 Nc6 8. Be3
Nh6 9. h3 Bxf3 10. Bxf3 Nf5 11. Bxc6+ bxc6 12. Qd2 O-O 13. O-O Qb6 14. Rad1
Rab8 15. b3 Qb4 16. g4 Nxe3 17. Qxe3 e6 18. Rd3 Rbe8 19. Re1 Qb8 20. Qg3 f5 21.
f4 d5 22. Ne2 dxc4 23. bxc4 Qb4 24. Rc1 c5 25. dxc5 Qxc5+ 26. Qf2 Qc7 27. c5
fxg4 28. hxg4 Bh6 29. Rc4 Re7 30. Rh3 Bg7 31. Qh4 Bh8 32. Rd3 e5 33. Nc3 Ref7
34. Nd5 Qb7 35. Rb4 Qa6 36. Rh3 Qe6 37. Rd3 exf4 38. Rxf4 Rxf4 39. Nxf4 Qe4 40.
Rd7 Bd4+ 1-0

[Event "2. Bundesliga West 2013/14"]
[Site "Salzburg"]
[Date "2013.10.18"]
[Round "1"]
[Board "4"]
[White "Brumen, Dinko"]
[Black "Scheiblmaier, Robert"]
[Result "1-0"]
[WhiteElo "2358"]
[BlackElo "2184"]
[PlyCount "59"]
[EventDate "2013.10.18"]
[EventType "team"]
[EventRounds "11"]
[EventCountry "AUT"]
[WhiteTeam "Schwarzach"]
[BlackTeam "ASK Salzburg 1"]

1. d4 d5 2. Bg5 h6 3. Bh4 c5 4. dxc5 Qa5+ 5. c3 Qxc5 6. Nf3 g5 7. Bg3 Bg7 8.
Nbd2 Nf6 9. e3 Nc6 10. Bd3 O-O 11. h4 g4 12. Nd4 h5 13. Rc1 e6 14. Bb1 Qe7 15.
Qc2 e5 16. Nf5 Qe6 17. Nxg7 Kxg7 18. O-O Bd7 19. e4 Nxe4 20. c4 Nf6 21. Rfe1 d4
22. f4 gxf3 23. Nxf3 e4 24. Ng5 Qg4 25. Kh2 Rfe8 26. Rf1 Nb4 27. Qf2 Qxg5 28.
Qxd4 Nc6 29. hxg5 Nxd4 30. Rcd1 1-0

[Event "2. Bundesliga West 2013/14"]
[Site "Salzburg"]
[Date "2013.10.18"]
[Round "1"]
[Board "5"]
[White "Besner, Bernhard"]
[Black "Ljubic, Juro"]
[Result "1/2-1/2"]
[WhiteElo "2201"]
[BlackElo "2227"]
[PlyCount "70"]
[EventDate "2013.10.18"]
[EventType "team"]
[EventRounds "11"]
[EventCountry "AUT"]
[WhiteTeam "ASK Salzburg 1"]
[BlackTeam "Schwarzach"]

1. e4 c5 2. c3 g6 3. d4 cxd4 4. cxd4 d5 5. exd5 Nf6 6. Nc3 Bg7 7. Qb3 O-O 8.
Be2 Re8 9. Bf3 e6 10. Nge2 Nxd5 11. Nxd5 exd5 12. Be3 Qa5+ 13. Qc3 Nc6 14. Qxa5
Nxa5 15. Bxd5 Bg4 16. b4 Rad8 17. Bxf7+ Kxf7 18. bxa5 Rd5 19. Rc1 Rxa5 20. Rc7+
Re7 21. Rxe7+ Kxe7 22. Nc3 Be6 23. O-O Kd7 24. Rb1 b6 25. a4 Bf8 26. f3 Bf5 27.
Rb2 Kc8 28. Kf2 Bd7 29. Rc2 Kb7 30. Bf4 Ka6 31. Bd2 Bb4 32. Ne4 Bxa4 33. Rc7
Bxd2 34. Nxd2 Rd5 35. Ke3 Rd7 1/2-1/2